Divine omniscience and omnipotence in medieval philosophy : (Record no. 45722)
[ view plain ]
| 000 -LEADER | |
|---|---|
| fixed length control field | 01207cam a2200289 a 4500 |
| 001 - CONTROL NUMBER | |
| control field | 4732150 |
| 005 - DATE AND TIME OF LATEST TRANSACTION | |
| control field | 20190305140229.0 |
| 008 - FIXED-LENGTH DATA ELEMENTS--GENERAL INFORMATION | |
| fixed length control field | 840413s1985 ne b 101 0 eng |
| 010 ## - LIBRARY OF CONGRESS CONTROL NUMBER | |
| LC control number | 84008312 |
| 020 ## - INTERNATIONAL STANDARD BOOK NUMBER | |
| International Standard Book Number | 9027717508 |
| 040 ## - CATALOGING SOURCE | |
| Original cataloging agency | DLC |
| Transcribing agency | DLC |
| Modifying agency | DLC |
| 245 00 - TITLE STATEMENT | |
| Title | Divine omniscience and omnipotence in medieval philosophy : |
| Remainder of title | Islamic, Jewish, and Christian perspectives / |
| Statement of responsibility, etc | edited by Tamar Rudavsky. |
| 260 ## - PUBLICATION, DISTRIBUTION, ETC. (IMPRINT) | |
| Place of publication, distribution, etc | Dordrecht, Holland ; |
| -- | Boston : |
| Name of publisher, distributor, etc | D. Reidel Pub. Co. ; |
| Place of publication, distribution, etc | Hingham, MA : |
| Name of publisher, distributor, etc | Sold and distributed in U.S.A. and Canada by Kluwer Academic Publishers, |
| Date of publication, distribution, etc | c1985. |
| 300 ## - PHYSICAL DESCRIPTION | |
| Extent | ix, 299 p. ; |
| Dimensions | 23 cm. |
| 336 ## - CONTENT TYPE | |
| Content Type Term | text |
| 337 ## - MEDIA TYPE | |
| Media Type Term | unmediated |
| 338 ## - CARRIER TYPE | |
| Carrier Type Term | volume |
| 440 #0 - SERIES STATEMENT/ADDED ENTRY--TITLE | |
| Title | Synthese historical library ; |
| Volume number/sequential designation | v. 25 |
| 500 ## - GENERAL NOTE | |
| General note | "Papers presented at a conference held at the Ohio State University on March 3 and 4, 1982"--P. vii. |
| 500 ## - GENERAL NOTE | |
| General note | Includes index. |
| 504 ## - BIBLIOGRAPHY, ETC. NOTE | |
| Bibliography, etc | Bibliography: p. 271-284. |
| 650 #0 - SUBJECT ADDED ENTRY--TOPICAL TERM | |
| Topical term or geographic name as entry element | God |
| General subdivision | Omniscience |
| -- | History of doctrines |
| Chronological subdivision | Middle Ages, 600-1500 |
| General subdivision | Congresses. |
| 650 #0 - SUBJECT ADDED ENTRY--TOPICAL TERM | |
| Topical term or geographic name as entry element | God |
| General subdivision | Omnipotence |
| -- | History of doctrines |
| Chronological subdivision | Middle Ages, 600-1500 |
| General subdivision | Congresses. |
| 650 #0 - SUBJECT ADDED ENTRY--TOPICAL TERM | |
| Topical term or geographic name as entry element | Philosophy, Medieval |
| General subdivision | Congresses. |
| 700 1# - ADDED ENTRY--PERSONAL NAME | |
| Personal name | Rudavsky, Tamar, |
| Dates associated with a name | 1951- |
| 942 ## - ADDED ENTRY ELEMENTS (KOHA) | |
| Source of classification or shelving scheme | Library of Congress Classification |
| Item type | Books |
| Withdrawn status | Lost status | Source of classification or shelving scheme | Damaged status | Not for loan | Home library | Current library | Shelving location | Date acquired | Source of acquisition | Inventory number | Total Checkouts | Full call number | Barcode | Date last seen | Price effective from | Koha item type |
|---|---|---|---|---|---|---|---|---|---|---|---|---|---|---|---|---|
| Library of Congress Classification | BSOP Library | BSOP Library | GC | 03/05/2019 | Donated by Dr. David and Oprah Weisberg | 45545 | BT131 D64 1985 | 00056545 | 03/05/2019 | 03/05/2019 | Books |
